Entry Corporate Name
Number of records used in: 1
001 - CONTROL NUMBER
003 - CONTROL NUMBER IDENTIFIER
005 - DATE AND TIME OF LATEST TRANSACTION
- control field:
20220824095214.0
008 - FIXED-LENGTH DATA ELEMENTS
- fixed length control field:
030519n| acannaabn |a ana
010 ## - LIBRARY OF CONGRESS CONTROL NUMBER
- LC control number:
no2003049144
035 ## - SYSTEM CONTROL NUMBER
- System control number:
(OCoLC)oca06052667
040 ## - CATALOGING SOURCE
- Original cataloging agency:
DLC-ON
- Language of cataloging:
eng
- Transcribing agency:
DLC-ON
110 2# - HEADING--CORPORATE NAME
- Corporate name or jurisdiction name as entry element:
Dairy India Yearbook (Firm : Delhi, India)
410 2# - SEE FROM TRACING--CORPORATE NAME
- Corporate name or jurisdiction name as entry element:
Dairy India (Firm : Delhi, India)
410 2# - SEE FROM TRACING--CORPORATE NAME
- Corporate name or jurisdiction name as entry element:
M/S Dairy India Yearbook (Delhi, India)
670 ## - SOURCE DATA FOUND
- Source citation:
Technology of Indian milk products, c2002:
- Information found:
t.p. verso (Dairy India Yearbook) p. vii (Dairy India) p. ix (M/S Dairy India Yearbook)